Normal view
MARC view
- Conrad, Joseph, 1857-1924
Entry Topical Term
001 - CONTROL NUMBER
- control field: 12134
003 - CONTROL NUMBER IDENTIFIER
- control field: NUST
005 - DATE AND TIME OF LATEST TRANSACTION
- control field: 20180731070539.0
008 - FIXED-LENGTH DATA ELEMENTS
- fixed length control field: 180731|| aca||aabn | a|a d
040 ## - CATALOGING SOURCE
- Original cataloging agency: NUST
- Transcribing agency: NUST
150 ## - HEADING--TOPICAL TERM
- Topical term or geographic name entry element: Conrad, Joseph, 1857-1924
- Form subdivision: Fiction
670 ## - SOURCE DATA FOUND
- Source citation: Work cat.: (NUST)328473: Conrad, Joseph, 1857-1924. 12078, Selected works of Joseph Conrad /, 2005.
